ដំណើរករអនុវត្តន៏គោលនយោបាយវមជ្ឃការ​និងវសហមជ្ឃការ​ នៅស្រុកត្រាំកក់ ខេត្ត​តាកែវ.the proecss and progress of the implementatiom of decentralization and deconcentralization in tramkak district,takeo province. (Record no. 20231)

000 -LEADER
fixed length control field 00707nam a22001457a 4500
003 - CONTROL NUMBER IDENTIFIER
control field LRUA
005 - DATE AND TIME OF LATEST TRANSACTION
control field 20220614152131.0
008 - FIXED-LENGTH DATA ELEMENTS--GENERAL INFORMATION
fixed length control field 220614b xxu||||| |||| 00| 0 eng d
040 ## - CATALOGING SOURCE
Transcribing agency rua
082 ## - DEWEY DECIMAL CLASSIFICATION NUMBER
Edition number MGR LEN 2014 B429 Or,
100 ## - MAIN ENTRY--PERSONAL NAME
9 (RLIN) 15010
Personal name LENG SOTHEA,ឡឹង​ សុធា
245 ## - TITLE STATEMENT
Title ដំណើរករអនុវត្តន៏គោលនយោបាយវមជ្ឃការ​និងវសហមជ្ឃការ​ នៅស្រុកត្រាំកក់ ខេត្ត​តាកែវ.the proecss and progress of the implementatiom of decentralization and deconcentralization in tramkak district,takeo province.
260 ## - PUBLICATION, DISTRIBUTION, ETC. (IMPRINT)
Place of publication, distribution, etc. phnom penh
Name of publisher, distributor, etc. rua
Date of publication, distribution, etc. 2014
942 ## - ADDED ENTRY ELEMENTS (KOHA)
Source of classification or shelving scheme
Koha item type MGR

No items available.

មជ្ឈមណ្ឌលឯការនៃសាកលវិទ្យាល័យភូមិន្ទកសិកម្មចំការដូង

Powered by Koha